000 00577nam a2200193 ar4500
001 3708
005 20221127090811.0
008 140212s xxu a 00110|eng d
020 _a9780137053469(pbk) :
_cSR240.00
082 0 4 _a005.1
_bSo55 2011
100 1 _aSommerville, Ian.
245 1 0 _aSoftware engineering /
_cIan Sommerville.
250 _a9th ed.
260 _aBoston, Mass. :
_bPearson Education,
_c2011.
300 _axv, 773 p. :
_bill. ;
_c24 cm.
504 _aIncludes bibl. references and index.
650 4 _aComputer software.
650 4 _aSoftware engineering.
999 _c3706
_d3706